[Event "Høstturneringen 2023"]
[Site "Ås, Viken NOR"]
[Date "2023.11.04"]
[Round "6"]
[White "Furnes, Torstein"]
[Black "Brenden, Torbjørn"]
[Result "0-1"]
[WhiteElo "1723"]
[BlackElo "1616"]
[Annotator "Furnes,Torstein"]
[PlyCount "106"]

1. d4 c6 2. e4 d5 {Dermed har vi via trekkomkastning havnet i Caro-Kann-åpningen. En åpning jeg nesten aldri spiller.} 3. exd5 {Avbyttevarianten i Caro-Kann. Dermed får hver av spillerne en halvåpen linje.} cxd5 4. Nf3 Bg4 5. Be2 Nc6 6. O-O Bxf3 $14 {Stockfish mener hvit får en liten fordel etter dette avbyttet.} 7. Bxf3 e6 8. c3 Nge7 {Etter dette trekket følger vi ikke lenger noen partier registrert hos ChessBase Online Database.} 9. Bf4 h6 10. Nd2 g5 11. Bg3 Nf5 12. Qb3 b6 13. Rae1 Be7 14. Qb5 Qd7 15. Bh5 Kf8 16. Qd3 Rc8 17. f4 Ng7 18. fxg5 $5 $14 {Jeg tenkte lenge før jeg spilte dette offeret. Men Stockfish er ikke helt begeistret for trekket. Stockfish sin vurdering er at hvit får en liten fordel, men det fantes bedre trekk i stillingen.} ({Stockfish vil heller spille} 18. Bd1 $16) 18... Nxh5 19. Qg6 Bxg5 20. Qxh5 f5 $18 ({Her kunne svart spilt} 20... Bxd2 {Da hadde jeg planlagt} 21. Rxf7+ Qxf7 22. Rf1 {men jeg hadde oversett at svart da vinner med} Be3+ 23. Bf2 (23. Kh1 Qxf1#) 23... Qxh5) 21. Nf3 {Hvitfordelen er nå oppe i +2, og den holder seg i det området de neste 10 trekkene.} Qf7 22. Qh3 Bf6 23. Ne5 Bxe5 24. Bxe5 Rh7 25. Bd6+ Kg8 26. Rf3 h5 27. Ree3 Rg7 28. Qh4 Rg4 29. Qe1 Re8 30. h3 Rg6 31. Qh4 Qh7 $18 {Etter dette trekket stiger hvitfordelen til +5.} 32. Rg3 ({Hvit vinner etter} 32. Rxf5 $1 {Under partiet så jeg at jeg hadde denne muligheten, men grunnen til at jeg ikke spilte det, var at jeg likte ikke helt} Rxg2+ 33. Kxg2 Qxf5 {Svart har fått tilbake bonden og den hvite kongen har mistet en del beskyttelse. Men hvit står til vinst etter} 34. Rf3 $1 {Dette er eneste vinsttrekk ! Det kunne fortsatt} ({Det blir bare remis etter f.eks.} 34. Rg3+ $2 Kh7 35. Rg5 Qxg5+ $1 36. Qxg5 Rg8 37. Qxg8+ Kxg8 $11) 34... Qc2+ 35. Kg1 Qc1+ 36. Kh2 Qd2+ 37. Rf2 Qh6 38. Bf4 Qh8 39. Qg5+ Qg7 40. Qxh5 {med avgjørende angrep.}) 32... Kf7 33. Rxg6 Qxg6 34. Rg3 Qh7 35. Rg5 Rh8 36. Qg3 Rg8 37. Kf2 Rxg5 38. Qxg5 Qg6 39. Qxg6+ $2 $11 {Hvit må beholde dronningene på brettet ifølge Stockfish. Etter dronningbyttet fordufter hele hvits fordel og stillingen vurderes som 0.00 de neste trekkene.} ({Etter f.eks.} 39. Qh4 {har hvit fortsatt en fordel på ca +1.7.}) 39... Kxg6 40. h4 Kf6 41. Kf3 e5 42. dxe5+ Nxe5+ 43. Bxe5+ Kxe5 44. g3 b5 45. Ke3 a5 46. b3 $4 $19 {Stillingen har vært remis (0.00) helt siden dronningbyttet, men nå kommer tapstrekket. Trekk som Kf3, Kd3, a3 eller a4 er remis.} b4 47. c4 ({Svart vinner etter} 47. Kd3 bxc3 48. Kxc3 Ke4 49. Kd2 Kf3 50. a4 d4 $3 51. b4 axb4 52. a5 b3 53. a6 b2 54. Kc2 d3+ 55. Kxb2 d2 56. a7 d1=Q 57. a8=Q+ Kxg3) ({Det hjelper heller ikke med} 47. cxb4 axb4 48. Kd3 d4 49. Kd2 Ke4 50. Ke2 d3+ 51. Kd2 Kd4 52. Kc1 Ke3 53. Kd1 d2) 47... dxc4 48. bxc4 a4 49. Kd3 (49. c5 {nytter ikke pga} b3 50. axb3 a3) 49... a3 {Til slutt en liten kuriositet: Via "Let's Check"-funksjonen i ChessBase kan man se at noen har analysert på nøyaktig denne stillingen i både mars 2022 og i februar 2020 !} 50. Kc2 (50. c5 {går fortsatt ikke pga} b3 51. axb3 a2) 50... Kd4 51. Kb3 (51. c5 Kxc5 52. Kb3 Kb5 53. Kc2 Kc4 $19) 51... Kc5 52. Kc2 Kxc4 53. Kb1 Kc3 0-1

[Event "Høstturneringen 2023"]
[Site "Ås, Viken NOR"]
[Date "2023.10.26"]
[Round "6"]
[White "Smith, Robert M"]
[Black "Samset, Jon"]
[Result "1-0"]
[WhiteElo "1353"]
[BlackElo "1390"]
[PlyCount "89"]

1. e4 e5 2. Nf3 Nc6 3. Nc3 Nf6 4. d4 Nxe4 5. Nxe4 d5 6. Nc3 e4 7. Qe2 Be7 8.
Nxe4 dxe4 9. Qxe4 O-O 10. Bd3 f5 11. Bc4+ Kh8 12. Qd3 Nb4 13. Qb3 a5 14. c3 a4
15. Qd1 Nd5 16. O-O Be6 17. Qe2 Qd6 18. Re1 Rf6 19. Bg5 Rg6 20. Bxe7 Nf4 21.
Bxd6 Nxe2+ 22. Bxe2 cxd6 23. Bd3 h5 24. Re2 Bd5 25. Re3 Rf6 26. Rae1 Bxa2 27.
Re8+ Rxe8 28. Rxe8+ Kh7 29. Ra8 Bb3 30. Bb5 Rg6 31. Bxa4 Bd5 32. Kf1 b5 33. Bc2
Bxa8 34. Bxf5 Kh6 35. Bxg6 Kxg6 36. Ke2 Kf5 37. Nh4+ Kg4 38. g3 g5 39. Ng6 Kh3
40. f4 Be4 41. Ne7 gxf4 42. gxf4 Bb1 43. f5 Kxh2 44. f6 Ba2 45. d5 1-0

[Event "Høstturneringen 2023"]
[Site "Ås, Viken NOR"]
[Date "2023.10.26"]
[Round "6"]
[White "Andersen, Odd"]
[Black "Kvedalen, Sindre"]
[Result "1-0"]
[WhiteElo "1758"]
[BlackElo "1107"]
[PlyCount "53"]

1. d4 d5 2. Bf4 Nf6 3. e3 e6 4. Nd2 Bd6 5. Bg3 O-O 6. Bd3 Nc6 7. c3 Bxg3 8.
hxg3 g6 9. g4 e5 10. f3 e4 11. Be2 exf3 12. gxf3 Qe7 13. Nf1 a6 14. Qd2 b5 15.
Rc1 Bb7 16. g5 Nd7 17. f4 Rac8 18. Nf3 b4 19. Ne5 Ndxe5 20. dxe5 bxc3 21. bxc3
d4 22. Bf3 dxe3 23. Nxe3 Nd8 24. Bxb7 Nxb7 25. Nd5 Qe6 26. Nf6+ Kg7 27. Rxh7#
1-0

[Event "Høstturneringen 2023"]
[Site "Ås, Viken NOR"]
[Date "2023.10.26"]
[Round "6"]
[White "Hrituleac, Paul"]
[Black "Hrituleac, Kosta"]
[Result "0-1"]
[WhiteElo "1363"]
[BlackElo "1206"]
[Annotator "Furnes,Torstein"]
[PlyCount "46"]
[EventDate "2023.09.07"]

1. e4 c6 2. Nc3 d5 3. d3 Nf6 4. Nf3 Bg4 5. h3 Bh5 6. exd5 cxd5 7. g4 Bg6 8. Ne5 e6 9. Bg2 Bb4 10. Bd2 Nc6 11. Qe2 Nd4 12. Qd1 Nc6 13. f4 Bd6 14. Qe2 Qc7 15. Nxg6 (15. Nb5 Qb8 16. Nxc6 bxc6 17. Nxd6+ Qxd6 18. f5 Qg3+ 19. Kd1 O-O 20. fxg6 $18) 15... hxg6 16. g5 Nh5 (16... Nd4 17. Qd1 Nh5 $19) 17. Nxd5 Qd7 18. f5 Bg3+ (18... Ng3 19. fxe6 fxe6 $19) 19. Kd1 gxf5 20. Bf3 Nd4 21. Qe3 Nxf3 22. Nb4 Nxd2 23. Kxd2 Bf4 0-1

[Event "Høstturneringen 2023"]
[Site "Ås, Viken NOR"]
[Date "2023.10.26"]
[Round "6"]
[White "Heien, Aksel"]
[Black "Krasniqi, Isa"]
[Result "0-1"]
[WhiteElo "1355"]
[BlackElo "1361"]
[PlyCount "108"]

1. e4 e5 2. Nf3 d6 3. d4 Bg4 4. dxe5 Bxf3 5. Qxf3 dxe5 6. Bc4 Qf6 7. Qb3 b6 8.
Nc3 Bc5 9. O-O Ne7 10. Nb5 Na6 11. Qa4 c6 12. Qxa6 cxb5 13. Bxb5+ Kf8 14. Qb7
Rd8 15. Qxa7 g5 16. Be3 Bd4 17. c3 Bc5 18. Bxc5 bxc5 19. Qxc5 Kg7 20. Qe3 h5
21. Rad1 g4 22. Rxd8 Rxd8 23. Be2 Ng6 24. g3 Nf4 25. Kh1 Nh3 26. Kg2 Qc6 27. f3
f6 28. fxg4 Ng5 29. Bd3 hxg4 30. Re1 Rh8 31. Rh1 Rh5 32. Kf2 Qb7 33. b4 Qa8 34.
Bb1 Qa3 35. Kg2 Qb2+ 36. Qf2 Qxc3 37. Qa7+ Kh6 38. Qf2 Nf3 39. b5 Kg6 40. a4
Nd4 41. h3 gxh3+ 42. Rxh3 Rg5 43. Kf1 Qc4+ 44. Ke1 Qb4+ 45. Kd1 Qxb1+ 46. Kd2
Qxe4 47. Qf1 Qc2+ 48. Ke3 Qxa4 49. Qb1+ Nf5+ 50. Ke2 Qg4+ 51. Kd2 Qxh3 52. b6
Qg2+ 53. Kd3 Rxg3+ 54. Kc4 Qc6+ 0-1

[Event "Høstturneringen 2023"]
[Site "Follo, Viken NOR"]
[Date "2023.11.14"]
[Round "7"]
[White "Lea, Per"]
[Black "Kielland-Lund, Jon"]
[Result "1-0"]
[WhiteElo "1681"]
[BlackElo "1715"]
[Annotator "Lea,Per"]
[PlyCount "137"]
[EventDate "2023.09.07"]

1. c4 {Rett i løvens hule! Jon er vel den mest trofaste c4-spilleren som hvit, selv om han ennå ikke er blitt utsatt for samme spøk som en åndsbroder fra ca 100 år tilbake: da han satte seg ned ved brettet, hadde en spøkefugl limt fast c-bonden på c2} e5 2. g3 g6 3. Bg2 Nc6 4. Nc3 Bg7 5. Nf3 Nge7 6. O-O O-O 7. e3 ({Mest vanllig er} 7. d3) ({og} 7. Rb1) 7... d5 8. cxd5 Nxd5 9. d4 exd4 ({Via trekkomkastninger er vi kommet inn i en standardvariant hvor 99,5% av svartspillerne fortsatte med} 9... Nb6) 10. Nxd5 Qxd5 11. Nxd4 {Jeg var veldig fornøyd med dette, og svart mente nærmest at dette var en bukk. Men Stockfish ser ingen problemer med denne varianten.} Qd6 {Ikke det beste stedet, men Stockfish ser heller ikke her noen alvorlige problemer, selv om hvit ender opp med en merbonde og svart får en svak bonde på d6.} (11... Qc4 {er førstevalget til Stockfish.} 12. Nxc6 bxc6 13. e4 {og hvits fordel er minimal}) ({Etter partiet syntes vi begge at} 11... Qd7 12. Nxc6 bxc6 13. Qxd7 Bxd7 {måtte være det desidert beste, siden svart ikke blir liggende bonde under}) 12. Nxc6 bxc6 ({Selvfølgelig ikke nybegynnerfeilen} 12... Qxd1 $4 13. Ne7+ Kh8 14. Rxd1) 13. Qxd6 cxd6 14. Bxc6 Rb8 15. Rb1 Rb6 $2 (15... Be6 {er utlikning i fÃ¸lge Stockfish} 16. b3 Rfc8 17. Be4 d5 18. Bg2 (18. Bd3 Rc3 19. Be2 Rc2 20. Bd3 Rxa2) 18... Rc2 {og hvits merbonde er neppe mye verdt}) 16. Bd5 Ba6 {Tvinger nærmest tårnet til å få en bedre plassering} 17. Rd1 Rfb8 18. b3 Be2 19. Rd2 Bg4 {Dit kunne den ha kommet på ett trekk istedet for tre. Bare hvit får satt løperen på c1 på et bedre felt, er stillingen klart best.} 20. Bb2 Be5 ({Litt bedre forsÃ¸k er} 20... Ra6 21. Bxg7 Kxg7 22. Rc1) ({eller} 20... Rc8 21. Rc1 Bxb2 22. Rxc8+ Bxc8 23. Rxb2) 21. f4 (21. Rc1 {ville befestet en klar fordel}) 21... Bxb2 22. Rbxb2 a5 23. Rbc2 Be6 24. Rc6 $4 {Et forsøk på å være fiks, men Stockfish gir tommelen ned.} (24. Bxe6 fxe6 25. Rc7 {er bedre, selv om svart ikke lenger har en isolert svak bonde}) 24... Bxd5 25. Rxb6 Rxb6 26. Rxd5 a4 $1 {Hvits fordel er minimal} 27. bxa4 Rb2 $2 ({Svart har løst de fleste problemene sin etter} 27... Rb1+ 28. Kg2 Rb2+ 29. Kh3 (29. Kf3 Rxa2 30. a5 f5) 29... Rxa2) 28. Rxd6 Rxa2 29. Rd4 Kg7 30. g4 h6 31. e4 $2 (31. h4 {ble vurdert, men forkastet.} g5 32. hxg5 hxg5 33. f5 {er nok bedre for hvit enn jeg trodde}) 31... Ra1+ $2 (31... g5 $1 32. e5 gxf4 33. Rxf4 Kg6 34. h4 Re2 {med omtrent lik stilling}) 32. Kg2 Ra2+ 33. Kg3 g5 34. e5 ({Bedre er} 34. fxg5 $1 hxg5 35. Rd5 f6 36. a5) 34... Ra3+ 35. Kf2 Ra2+ ({Bedre er} 35... gxf4 36. Rxf4 Rh3 37. Kg2 Re3 {men hvit står fremdeles best}) 36. Ke3 gxf4+ 37. Rxf4 Rxh2 38. Rf2 $4 {Med planen å sette tårnet bak fribonden i a-linja, men den planen lar seg ikke gjennomfÃ¸re. Svart greier remis her.} ({Vinsttrekket er} 38. Kd4 $1 Ra2 39. Kd5 Kf8 40. Rb4 Ke7 41. Kc6 Kd8 42. Kb6 Kc8 43. a5 {Hvit har stålkontroll i følge Stockfish, men jeg ville ikke likt at den svarte kongen skulle kunne bidra til å hindre a-bonden å gå helt inn. Men jeg tipper det oppstÃ¥r mattmotiver hvis den svarte kongen kommer til a8.}) 38... Rh3+ $1 {Det eneste som sikrer remis} 39. Rf3 Rh1 40. Rf4 Ra1 $2 ({Både} 40... h5 $1 41. gxh5 Rxh5 42. Kd4 Rh8 43. Kc5 Re8) ({og} 40... Rd1 41. Rb4 f6 {skal være grei remis for svart. Men tilsynelatende enkle tårnsluttspill er som regel nettopp IKKE det!}) 41. Rd4 $4 {Kaster bort vinsten - igjen! Jeg trodde det var helt uvesentlig hvor på 4.-raden tårnet står, men det er kun på b4 og c4 det sikrer vinsten. En dag skal jeg prøve å skjønne hvorfor.} Re1+ 42. Kf4 Rf1+ $2 (42... Rc1 $1 {er det eneste som holder remis}) 43. Ke4 {Her fant jeg i hvert fall det eneste vinsttrekket} Ra1 44. Kd5 Kg6 45. e6 fxe6+ 46. Kxe6 Kg5 47. Kd5 Rg1 48. Kc4 Rb1 49. a5 Ra1 50. Kb5 Rb1+ 51. Rb4 Re1 52. a6 Re5+ 53. Kb6 Re6+ 54. Ka7 Re7+ 55. Rb7 Re6 56. Rb6 Re7+ 57. Kb8 Re8+ 58. Kc7 Re7+ 59. Kd6 $4 {Og dermed er det remis igjen - men heller ikke svart har oversikten, selv om vi begge hadde relativt godt med tid igjen her.} (59. Kc8 Re8+ 60. Kd7 Re4 61. Rb5+ Kxg4 62. Ra5 Rf4 63. Ke7 ({Ikke} 63. a7 $4 Rf8 $1 ({Hvis} 63... Rf7+ 64. Ke6 Rxa7 65. Rxa7 {og den hvite kongen er nÃ¦rme nok til at svart ikke klarer å få inn bonden. Men sånt er kanskje ikke så lett å se på forhånd.}) 64. a8=Q Rxa8 65. Rxa8 h5 {Her vil hvit bli tvunget til å ofre tårnet på h-bonden, eventuelt kan det oppstÃ¥ en pattsituasjon med svarts konge pÃ¥ h1, bonde pÃ¥ h2 og hvits tårn på g8.})) 59... Rf7 $2 {Svart får servert halvpoenget på et sølvfat, men takker høflig nei. Umiddelbart skulle man tro at det er det samme om tårnet står på h7, g7 eller f7} ({Men det eneste som berger remisen, er} 59... Rh7 $3 {og f. eks.:} 60. Rb7 Rh8 61. a7 Ra8 62. Kc6 Kxg4 63. Rb4+ Kg3 64. Kb7 Rxa7+ 65. Kxa7 {og hvits konge står alt for langt unna h-linja}) 60. Kc5 Ra7 61. Kb5 Ra8 62. Rc6 Rb8+ 63. Ka5 Rb1 64. a7 Ra1+ 65. Kb6 {Nå holder det ikke å ofre tårnet på a-bonden, selv om hvits konge blir stående langt unna h-linja: hvis svarts konge slår hvits g-bonde, forsvinner også den svarte h-bonden} Rb1+ 66. Kc7 Ra1 67. Kb7 Rb1+ 68. Rb6 Ra1 69. a8=Q 1-0

[Event "Høstturneringen 2023"]
[Site "Ås, Viken NOR"]
[Date "2023.11.09"]
[Round "7"]
[White "Brenden, Torbjørn"]
[Black "Johansen, Anders Sten"]
[Result "1/2-1/2"]
[WhiteElo "1616"]
[BlackElo "1716"]
[PlyCount "42"]

1. d4 Nf6 2. Bf4 g6 3. e3 Bg7 4. Nc3 d6 5. h4 Nbd7 6. Qd2 b6 7. e4 Bb7 8. f3 e5
9. dxe5 dxe5 10. Bh6 Bxh6 11. Qxh6 Qe7 12. O-O-O O-O-O 13. Bc4 Nc5 14. Nge2 Ne6
15. Bxe6+ Qxe6 16. Rxd8+ Rxd8 17. Rd1 Rxd1+ 18. Kxd1 Ba6 19. Qf8+ Kb7 20. Ke1
h5 21. Qb4 Qd6 1/2-1/2

[Event "Høstturneringen 2023"]
[Site "Ås, Viken NOR"]
[Date "2023.11.09"]
[Round "7"]
[White "Larsen, Jo Ingebrigt"]
[Black "Smith, Robert M"]
[Result "1-0"]
[WhiteElo "1597"]
[BlackElo "1353"]
[PlyCount "113"]

1. d4 Nf6 2. Nf3 d5 3. Bf4 c5 4. e3 cxd4 5. exd4 Qb6 6. Nc3 a6 7. Be2 Qxb2 8. Bd2 Qb6 9. Na4 Qc6 10. c4 dxc4 11. Ne5 Qxg2 12. Bf3 Qh3 13. Nb6 Ra7 14. Qa4+ Bd7 15. Qxc4 Qe6 16. Nbxd7 Qxc4 17. Nxf6+ exf6 18. Nxc4 b5 19. Nb6 Ba3 20. Rb1 Re7+ 21. Kd1 Re6 22. Nd5 O-O 23. Bb4 Bxb4 24. Nxb4 Rd8 25. Nc2 Nd7 26. Re1 Ne5 27. Bg2 Red6 28. Re2 Nd3 29. Rd2 Nc5 30. Kc1 Na4 31. Rb3 Rc8 32. Rdd3 Rc7 33. Kd2 Rd8 34. Ne3 Rdc8 35. Bh3 Rd8 36. Rb1 Nb6 37. Rc1 Nc4+ 38. Nxc4 bxc4 39. Rdc3 Rxd4+ 40. Ke3 Rh4 41. Bf1 Rxh2 42. Rxc4 Re7+ 43. Kf3 g5 44. Rc8+ Kg7 45. Bxa6 h5 46. R8c7 g4+ 47. Kg3 Rh3+ 48. Kg2 Re5 49. Bc4 f5 50. Bxf7 Kf6 51. R1c6+ Kg5 52. Bb3 f4 53. Rc5 f3+ 54. Kg1 Rxc5 55. Rxc5+ Kf4 56. Be6 Ke4 57. a4 1-0

[Event "Høstturneringen 2023"]
[Site "Ås, Viken NOR"]
[Date "2023.11.09"]
[Round "7"]
[White "Hrituleac, Kosta"]
[Black "Bakken, Svein-Erik"]
[Result "1/2-1/2"]
[WhiteElo "1206"]
[BlackElo "1576"]
[PlyCount "55"]

1. e4 c5 2. Nf3 Nc6 3. Bb5 Qb6 4. Ba4 e6 5. O-O Nge7 6. c3 d6 7. d4 Bd7 8. Re1
O-O-O 9. Qb3 Qc7 10. Bf4 Na5 11. Bxd7+ Rxd7 12. Qa4 Ng6 13. Bg3 h5 14. h4 Be7
15. dxc5 e5 16. cxd6 Bxd6 17. Nbd2 f6 18. Nb3 Nc6 19. Rad1 Rhd8 20. Rd2 Nge7
21. Red1 Kb8 22. c4 Nc8 23. c5 Be7 24. Rxd7 Rxd7 25. Rxd7 Qxd7 26. Qb5 Qd1+ 27.
Kh2 Bf8 28. a4 1/2-1/2

[Event "Høstturneringen 2023"]
[Site "Ås, Viken NOR"]
[Date "2023.11.09"]
[Round "7"]
[White "Holm, Bjarne"]
[Black "Andersen, Odd"]
[Result "1-0"]
[WhiteElo "1736"]
[BlackElo "1758"]
[PlyCount "63"]

1. Nf3 Nf6 2. c4 c5 3. d4 e6 4. Bg5 h6 5. Bh4 cxd4 6. Bxf6 Bb4+ 7. Nbd2 Qxf6 8.
a3 Bxd2+ 9. Qxd2 Nc6 10. Rd1 e5 11. e3 dxe3 12. Qxe3 O-O 13. c5 Re8 14. Bc4 b6
15. Rd6 Qe7 16. O-O Na5 17. Ba2 Nb7 18. Rd5 Nxc5 19. Rxe5 Ne6 20. Nd4 d6 21.
Nf5 Qc7 22. Nxh6+ gxh6 23. Rh5 f6 24. Rxh6 Qg7 25. Re1 Qg5 26. Qh3 Kg7 27. Rh7+
Kg6 28. Bb1+ f5 29. Bxf5+ Kf6 30. Rh6+ Qxh6 31. Qxh6+ Kxf5 32. Qh5+ 1-0

[Event "Høstturneringen 2023"]
[Site "Viken NOR"]
[Date "2023.11.07"]
[Round "7"]
[White "Mortensen, Michael"]
[Black "Furnes, Torstein"]
[Result "1-0"]
[WhiteElo "1155"]
[BlackElo "1723"]
[Annotator "Furnes,Torstein"]
[PlyCount "109"]
[EventDate "2023.09.07"]

1. e4 c5 2. f4 {Grand Prix Attack i Siciliansk.} d6 3. Nc3 Nc6 4. Nf3 Nf6 5. Bb5 {Denne stillingen oppstod i partiet Nakamura - Magnus Carlsen i juli 2023.} a6 $6 $16 ({Magnus spilte} 5... Bd7 6. Bxc6 Bxc6 7. d3) 6. Bxc6+ bxc6 7. d3 d5 8. O-O Bg4 9. Qe1 Bxf3 10. Rxf3 e6 11. Bd2 Qb6 $2 $18 {Stockfish liker ikke dette trekket. Bedre er Le7 fulgt av rokade.} 12. b3 ({Stockfish vil spille} 12. f5 {med farlig angrep. Svart kan ikke slå b-bonden:} Qxb2 $2 13. Rb1 Qxc2 14. fxe6 Be7 (14... fxe6 15. exd5 $18) 15. e5 Ng4 16. exf7+ Kf8 17. h3 $18) 12... c4+ 13. Kh1 cxd3 14. cxd3 Be7 15. Rg3 g6 ({Førstevalget til Stockfish er} 15... O-O $14) 16. Be3 d4 17. Bf2 (17. Na4) 17... Bb4 18. Na4 Qb5 ({Stockfish vil spille} 18... Bxe1 19. Nxb6 Bxf2 20. Nxa8 Bxg3 21. hxg3 $11 {som vurderes som helt lik stilling.}) 19. Qe2 c5 20. f5 O-O {Jeg angret litt etter at jeg hadde spilt dette rokadetrekket, for det blir ubehagelig når han får etablert en bonde på f6. Men rokade er Stockfish sitt førstevalg med hvit fordel på ca +0.5.} 21. e5 Ne8 $2 $18 {Ideen med Se8 var å dekke g7-feltet mot mattrusler, men Stockfish sier at dette er en stor feil.} (21... Nd7 $11 {er det riktige stedet å gå for springeren. Stockfish vurderer dette som helt lik stilling (0.00).}) 22. f6 Kh8 23. Rh3 Qc6 24. Be1 Bxe1 25. Rxe1 Rc8 $2 26. Rf1 ({Etter} 26. Qd2 $1 {som truer Dh6 er det ugarderlig matt i max 9 trekk. F.eks.} h5 27. Rxh5+ $1 gxh5 28. Qh6+ Kg8 29. Rf1 Qd5 30. Qxh5 Nxf6 31. Qg5+ Kh7 32. Rxf6 Rg8 33. Rh6#) 26... Qc7 27. Rf4 ({Her foreslår Stockfish det interessante} 27. Nb6 $1 {Springeren kan ikke slås:} Qxb6 $2 28. Qd2 {med mattangrep}) 27... Nxf6 28. Rfh4 $17 ({Her var det nok bedre å ta springeren} 28. Rxf6 $18 {med vinststilling.}) 28... Nh5 29. Rxh5 $19 {Kvalitetsofferet ville gitt matt, hadde det ikke vært for at svarts dronning rekker å dekke 7.raden når f-bonden flytter.} ({Her vil Stockfish igjen spille} 29. Nb6 $1) 29... gxh5 30. Qxh5 f5 (30... f6 {er litt bedre.}) 31. g3 Qf7 $6 ({Stockfish vil heller åpne linjer med} 31... c4 $1 32. bxc4 Qb7+ 33. Kg1 f4 $19) 32. Qh4 Qg7 33. Qf4 Rf7 34. Rh4 Qg6 35. Nb2 Rg7 36. Nc4 Qg5 37. Qxg5 Rxg5 38. Nd6 {På dette tidspunktet har jeg brukt opp mesteparten av tiden min. Jeg ser at hvit truer en springergaffel på f7 og flytter derfor kongen, mens jeg overser helt at tårnet står i slag.} Kg7 $4 $18 39. Nxc8 h6 40. Nd6 Kh7 41. Rf4 Rg7 42. Ne8 Re7 43. Nd6 Kg6 44. Rf1 h5 45. Rc1 Rc7 46. b4 Kg5 47. Rxc5 Rh7 48. h4+ Kg4 49. Kg2 f4 50. Rc4 f3+ 51. Kf2 Rh8 52. Rxd4+ Kh3 53. Nf7 Rc8 54. Ng5+ Kh2 55. Nxf3+ 1-0

[Event "Høstturneringen 2023"]
[Site "Ås, Viken NOR"]
[Date "2023.11.09"]
[Round "7"]
[White "Krasniqi, Isa"]
[Black "Thowsen, Alf Geir"]
[Result "0-1"]
[WhiteElo "1361"]
[BlackElo "1338"]
[PlyCount "78"]

1. e4 e6 2. d4 d5 3. e5 c5 4. c3 Nc6 5. Nf3 Qb6 6. a4 a6 7. Be2 Nge7 8. g4 Ng6
9. h3 cxd4 10. cxd4 Bb4+ 11. Kf1 Bd7 12. Nc3 Be7 13. b3 Rc8 14. Bd2 Nh4 15.
Nxh4 Bxh4 16. Be3 Nb4 17. Rc1 h6 18. f4 Qd8 19. Kg2 f6 20. Qd2 fxe5 21. dxe5
Nc6 22. Na2 d4 23. Bf2 Na7 24. Rxc8 Nxc8 25. Bf3 Bxf2 26. Kxf2 Qb6 27. Qd3 Rf8
28. Qg6+ Rf7 29. Qd3 Rxf4 30. Kg3 Rxf3+ 31. Qxf3 Bc6 32. Qd1 Bxh1 33. Qxh1
Qxb3+ 34. Qf3 Qxa2 35. Qxb7 Qc4 36. Qxg7 Qd3+ 37. Kh4 Qf3 38. Qh8+ Qf8 39. Qh7
Qe7+ 0-1

[Event "Høstturneringen 2023"]
[Site "Ås, Viken NOR"]
[Date "2023.11.09"]
[Round "7"]
[White "Samset, Jon"]
[Black "Kvedalen, Sindre"]
[Result "0-1"]
[WhiteElo "1390"]
[BlackElo "1107"]
[PlyCount "86"]

1. e4 Nf6 2. Nc3 d5 3. exd5 Nxd5 4. Nxd5 Qxd5 5. Nf3 Bf5 6. Be2 Nc6 7. O-O e6 8. d4 Nb4 9. c4 Qe4 10. a4 Nc2 11. Ra2 Be7 12. b3 O-O 13. c5 Bf6 14. Bb2 Rfd8 15. Nd2 Qf4 16. Bf3 Nxd4 17. Bxd4 Rxd4 18. Qe1 Rad8 19. Nc4 Bd3 20. Be2 Bxe2 21. Qxe2 Qe4 22. Ne3 Qd3 23. Ng4 Re4 24. Nxf6+ gxf6 25. Qxd3 Rxd3 26. Rb2 a6 27. f3 Rb4 28. Rfb1 Rc3 29. Rd2 Rxc5 30. Rd8+ Kg7 31. Kf2 Rc2+ 32. Kg3 Rc3 33. Rd7 c6 34. Re1 e5 35. h4 h5 36. Red1 Rg4+ 37. Kh3 Rxb3 38. Rc7 e4 39. Rdd7 exf3 40. Rxf7+ Kg6 41. Rg7+ Kf5 42. Rxg4 f2+ 43. Rg3 Rxg3+ 0-1

[Event "Høstturneringen 2023"]
[Site "Ås, Viken NOR"]
[Date "2023.11.09"]
[Round "7"]
[White "Nicolaisen, Lars-Henrik Nystøyl"]
[Black "Hrituleac, Paul"]
[Result "1/2-1/2"]
[WhiteElo "1255"]
[BlackElo "1363"]
[PlyCount "35"]

1. d4 d5 2. c4 dxc4 3. e4 b5 4. a4 c6 5. axb5 cxb5 6. Nc3 a6 7. Bf4 Bb7 8. Nf3
e6 9. Be2 Bb4 10. O-O Bxc3 11. bxc3 Bxe4 12. Nd2 Bd5 13. Bf3 Nf6 14. Bxd5 Nxd5
15. Qf3 Nd7 16. Bd6 N7f6 17. Bc5 Nd7 18. Bd6 1/2-1/2

[Event "Høstturneringen 2023"]
[Site "Ås, Viken NOR"]
[Date "2023.11.16"]
[Round "8"]
[White "Johansen, Anders Sten"]
[Black "Kielland-Lund, Jon"]
[Result "1-0"]
[WhiteElo "1716"]
[BlackElo "1715"]
[PlyCount "101"]

1. e4 c6 2. d4 d5 3. Nc3 dxe4 4. Nxe4 Bf5 5. Ng3 Bg6 6. h4 h6 7. Nf3 Nd7 8. h5 Bh7 9. Bd3 Bxd3 10. Qxd3 e6 11. Bd2 Be7 12. O-O-O Ngf6 13. Kb1 c5 14. dxc5 Nxc5 15. Qb5+ Qd7 16. Qxd7+ Ncxd7 17. Bc3 O-O 18. Ne5 Nxe5 19. Bxe5 Rfd8 20. f3 Rxd1+ 21. Rxd1 Rd8 22. Rxd8+ Bxd8 23. c4 Kf8 24. Kc2 Ke7 25. b4 Kd7 26. Kd3 Be7 27. a3 a6 28. c5 Kc6 29. Kc4 Ne8 30. Ne2 b5+ 31. Kc3 f6 32. Nd4+ Kd5 33. Bh2 e5 34. Nf5 Bf8 35. Ne3+ Kc6 36. Kd3 Nc7 37. Ke4 a5 38. f4 axb4 39. axb4 exf4 40. Bxf4 Na6 41. Nc2 Be7 42. Nd4+ Kd7 43. Bd2 Nc7 44. g4 f5+ 45. gxf5 Bf6 46. Bf4 Bxd4 47. Kxd4 Ne8 48. Be5 Kc6 49. Ke4 Nf6+ 50. Bxf6 gxf6 51. Kd4 1-0